Confirm or deny : Informing the people on national security

Shranjeno v:
Bibliografske podrobnosti
Glavni avtor: Goulding, Phil G.
Format: Knjiga
Jezik:Undetermined
Izdano: New York Harper & Row 1970
Teme:
Oznake: Označite
Brez oznak, prvi označite!
Thư viện lưu trữ: Trung tâm Học liệu Trường Đại học Cần Thơ
LEADER 00549nam a2200205Ia 4500
001 CTU_77568
008 210402s9999 xx 000 0 und d
082 |a 659.2 
082 |b G688 
100 |a Goulding, Phil G. 
245 0 |a Confirm or deny : 
245 0 |b Informing the people on national security 
245 0 |c Phil G. Goulding 
260 |a New York 
260 |b Harper & Row 
260 |c 1970 
650 |a Public relations 
650 |z United States 
904 |i Nguyên 
980 |a Trung tâm Học liệu Trường Đại học Cần Thơ